| 000 | 00686nam a2200241Ia 4500 | ||
|---|---|---|---|
| 003 | OSt | ||
| 005 | 20220918214521.0 | ||
| 006 | a|||||r|||| 00| 0 | ||
| 007 | ta | ||
| 008 | 220917b |||||||| |||| 00| 0 eng d | ||
| 024 | _a137,814 | ||
| 037 | _cTextual | ||
| 040 |
_aARTS _cARTS _beng |
||
| 041 |
_2eng _aeng |
||
| 082 | _aY:1v275.M, M8 | ||
| 100 | _aRaychaudhuri Tapan | ||
| 245 | 0 |
_aEurope reconsidered _b perceptions of the West in Nineteenth century Bengal |
|
| 260 |
_aDelhi _bOxford University Press _c1988 |
||
| 300 |
_axviii,369p. _ccm. |
||
| 650 | _aSOCIOLOGY | ||
| 942 |
_hY:1v275.M, M8 _cTEXL _2CC |
||
| 999 |
_c260888 _d260888 |
||